Statistics for Famous People Named Ernest, Ernesto, or Ernie

Click here to take the quiz!

General Stats

  • This quiz has been taken 130 times
    (41 since last reset)
  • The average score is 5 of 9

Answer Stats

LifeHintPerson% Correct
1899-1961Wrote A Farewell to Arms and The Sun Also RisesErnest Hemingway
95%
1941-The birthname of this performer of "The Twist" was Ernest Evans.Chubby Checker
71%
1928-1967Argentine physician, author and Marxist revolutionaryErnesto "Che" Guevara
71%
FictionalMuppet duo appearing on Sesame StreetBert and Ernie
61%
1871-1937The father of nuclear physicsErnest Rutherford
58%
1874-1922Irish explorer who led three British expeditions to the AntarcticErnest Shackleton
50%
1945-Actor who played one of the four original GhostbustersErnie Hudson
42%
Fictional"Knowhutimean, Vern?"Ernest P. {Worrell}
18%
1964-The birthname of this Phish frontman is Ernest.Trey Anastasio
16%

Score Distribution

Percentile by Number Answered

Percent of People with Each Score

Your Score History

You have not taken this quiz since the last reset